000 00548nam a2200181Ia 4500
008 231221s9999 xx 000 0 und d
020 _a8177589563
041 _aEnglish
082 _a001.6424LIN BEC1;
100 _aBeck, Michael. Bohme,Harald. Dziadzka,Mirko etc.
245 0 _aLinux kernel programming : algorithms and structures of version 2.4
250 _a3rd ed.
260 _c2002
_bDorling kindersley
_aDelhi
300 _axiv+471
300 _c44377
650 _aLinux,kernel,programming,:,structures,version,2.4
942 _cCD
999 _c203638
_d203638